Statistiques concernant Personnages des Simpson (prénoms à compléter)

Cliquez ici pour prendre le quiz!

Statistiques générales

  • Ce quiz a été pris 509 fois
  • Le résultat moyen est 17 sur 35

Statistiques - réponses

HintRéponse% Correct
Simpson, le filsBart
75%
Simpson, la fille aînéeLisa
71%
Simpson, le grand-pèreAbraham
70%
Simpson, la mèreMarge
68%
Simpson, le pèreHomer
67%
Flanders, le pèreNed
66%
Nahasapeemapetilon, le mariApu
63%
Wiggum, le filsRalph
63%
Skinner, le principalSeymour
60%
Van Houten, le filsMilhouse
59%
Krapabelle, la profEdna
57%
Simpson, la fille cadetteMaggie
57%
Nahasapeemapetilon, la femmeManjula
55%
Brockman, le présentateurKent
53%
Flanders, la mèreMaude
53%
Bouvier, la sœur ayant un enfantSelma
48%
Skinner, la mèreAgnes
47%
Wiggum, le chefClancy
47%
Van Houten, le pèreKirk
47%
Muntz, le filsNelson
45%
Flanders, le fils aînéRod
45%
Bouvier, la sœur n'ayant pas d'enfantPatty
43%
Quimby, le maireJoe
42%
Ziff, l'ex petit ami de MargeArtie
41%
Lovejoy, la femmeHelen
40%
Flanders, le fils cadetTodd
40%
Van Houten, la mèreLuann
39%
Simpson, la grand-mèreMona
38%
Lovejoy, le révérendTimothy
38%
Bouvier, la grand-mèreJacqueline
36%
Wiggum, la femmeSarah
32%
Scorpio, le terroristeHank
30%
Hutz, l'avocatLionel
29%
Powell, le demi-frèreHerbert
28%
Hoover, la profElizabeth
24%

Distribution des résultats

Percentile par nombre de réponses

% des personnes avec chaque résultat

Votre développement - résultats

Vous n’avez pas pris ce quiz